LIBRARY & INFORMATION CENTRE, KCAET, TAVANUR

ONLINE PUBLIC ACCESS CATALOGUE (OPAC)

Gadhya kairali, Vol.I (Record no. 4935)

MARC details
000 -LEADER
fixed length control field 00847cam a2200145ua 4500
041 ## - LANGUAGE CODE
Language code of text/sound track or separate title mal
082 ## - DEWEY DECIMAL CLASSIFICATION NUMBER
Classification number 894.81209
Item number KER/GA
245 ## - TITLE STATEMENT
Title Gadhya kairali, Vol.I
260 ## - PUBLICATION, DISTRIBUTION, ETC. (IMPRINT)
Place of publication Trivandrum :
Name of publisher Kerala University ,
Year of publication 1964.
300 ## - PHYSICAL DESCRIPTION
Number of Pages 194 ; .
942 ## - ADDED ENTRY ELEMENTS (KOHA)
Koha item type Books
Holdings
Withdrawn status Lost status Damaged status Home library Current library Date acquired Full call number Accession Number Koha item type Public note
Withdrawn     KAUAET Malayalam University 07/04/2012 894.81209 8751 Books Transferred to Malayalam University
free website counter